000 01994cam a22005534i 4500
003 PE-LiUPU
005 20250731180155.0
008 150616s r 000 0 d
020 _a0070611556
035 _a(Sirsi) i9780070611559
040 _aPE-LiUPU
_bspa
_cPE-LiUPU
_erda
049 _aPRUA
082 0 4 _a515.15
_bB23
_221
100 1 _aBarcellos, Anthony,
_eautor.
245 1 0 _aSolutions Manual to Accompany Stein's Calculus and Analytic Geometry /
_cAnthony Barcellos.
264 1 _aNew York :
_bMcGraw-Hill Book Company,
_c1982.
300 _apaginación variada :
_bilustraciones ;
_c29 centímetros
336 _atext
_2rdacontent
337 _aunmediated
_2rdamedia
338 _avolume
_2rdacarrier
505 0 _aCálculo integral -- Geometría analítica.
526 _aSEG44
526 _aSEG26
526 _aP159
526 _aP155
526 _aP154
526 _aP153
526 _aP150
526 _aP100
526 _aP31
526 _aP30
526 _aP26
526 _aP25
526 _aP24
526 _aP22
526 _aP15
526 _aP10
650 0 4 _aCálculo
_vProblemas, ejercicios, etc.
_95278
910 _ajck
_bjvq
_cjck
942 _2ddc
_cBOOK
949 _a515.15 B23
_wDEWEY
_c1
_i40868
_lCCODEBUL1
_mBUL
_r0
_sY
_tBOOK
_u2015-6-16
_xINGENIERIA
_zUNKNOWN
_0COMPRA
_o.STAFF. Colección General
949 _a515.15 B23
_wDEWEY
_c2
_i40867
_lCCODEBUL1
_mBUL
_r0
_sY
_tBOOK
_u2015-6-16
_xINGENIERIA
_zUNKNOWN
_0COMPRA
_o.STAFF. Colección General
994 _aC0
_bPEPRU
596 _a1
999 _a515.15 B23
_wDEWEY
_c58636
_i40868
_f2021-11-9
_g7
_lCCODEBUL1
_mBUL
_r0
_sY
_tBOOK
_u2015-6-16
_xINGENIERIA
_zUNKNOWN
_0COMPRA
_o.STAFF. Colección General
_d58636
999 _a515.15 B23
_wDEWEY
_c2
_i40867
_f2019-12-10
_g6
_lDISCARD
_mBUL
_r1
_sY
_tBOOK
_u2015-6-16
_xINGENIERIA
_zUNKNOWN
_0COMPRA
_o.STAFF. Colección General
980 _81
_gALBERTO SANCHEZ Responsable de Automatización